[Event "10th Karpov"]
[Site "Poikovsky RUS"]
[Date "2009.06.05"]
[Round "3"]
[White "Gashimov,V"]
[Black "Onischuk,Al"]
[Result "1-0"]
[WhiteElo "2730"]
[BlackElo "2684"]

1.e4 e5 2.Nf3 Nc6 3.Bb5 Nf6 4.O-O Nxe4 5.d4 Nd6 6.Bxc6 dxc6 7.dxe5 Nf5 8.Qxd8+ Kxd8
9.Nc3 Ne7 10.Ne4 Ng6 11.b3 Ke8 12.Bb2 Bf5 13.Rfe1 Nf4 14.g3 Ne6 15.Nh4 Bg4
16.f3 Bh5 17.f4 Rd8 18.f5 Nc5 19.Nf2 Rd2 20.Rac1 g5 21.Ng2 Bf3 22.Bc3 Re2
23.Rxe2 Bxe2 24.Re1 Bf3 25.Re3 g4 26.Nh4 Bh6 27.Re1 Rg8 28.Nxf3  1-0

[Event "10th Karpov"]
[Site "Poikovsky RUS"]
[Date "2009.06.07"]
[Round "5"]
[White "Rublevsky,S"]
[Black "Onischuk,Al"]
[Result "1/2-1/2"]
[WhiteElo "2702"]
[BlackElo "2684"]

1.e4 e5 2.Nf3 Nc6 3.Nc3 Nf6 4.Bb5 Nd4 5.Bc4 Bc5 6.Nxe5 Qe7 7.Nf3 d5 8.Bxd5 Bg4
9.d3 Nd7 10.h3 Bxf3 11.gxf3 c6 12.f4 Qh4 13.Na4 cxd5 14.Nxc5 Nxc5 15.Be3 dxe4
16.Bxd4 Ne6 17.Be3 Nxf4 18.Qg4 Qxg4 19.hxg4 Ng2+ 20.Kd2 exd3 21.cxd3 O-O
22.Rh5 g6 23.Rc5 Nxe3 24.fxe3 f5 25.gxf5 Rxf5 26.Rxf5 gxf5 27.Rc1 Rf8 28.Ke2 Kg7
29.Kf3 Kf6 30.Rh1 Kg6 31.Kf4 Rd8 32.d4 Re8 33.Rc1 Re4+ 34.Kf3 Re7 35.Rc8 h5
36.Rg8+ Kf6 37.Rh8 Kg5 38.d5 h4 39.Rd8 Kf6 40.Rh8 Kg5 41.Rd8 Rh7 42.d6 h3  1/2-1/2

[Event "10th Karpov"]
[Site "Poikovsky RUS"]
[Date "2009.06.09"]
[Round "6"]
[White "Efimenko,Z"]
[Black "Onischuk,Al"]
[Result "0-1"]
[WhiteElo "2682"]
[BlackElo "2684"]

1.e4 e5 2.Nf3 Nc6 3.Bb5 a6 4.Ba4 Nf6 5.O-O Be7 6.d3 d6 7.c3 O-O 8.Re1 b5
9.Bc2 d5 10.Nbd2 d4 11.cxd4 exd4 12.a3 Nd7 13.Nf1 Nde5 14.Nxe5 Nxe5 15.f4 Ng6
16.Ng3 c5 17.Nf5 Bxf5 18.exf5 Nh4 19.Qg4 Qd7 20.Bd2 Bf6 21.Bb3 Nxf5 22.a4 g6
23.axb5 axb5 24.Qf3 Rxa1 25.Rxa1 Ne3 26.Ra6 Qf5 27.Qe4 Qxe4 28.dxe4 Bg7 29.Bxe3 dxe3
30.Bd5 Bxb2 31.Kf1 c4 32.Rc6 Ra8 33.Rc7 Ra2 34.Rxf7 Ba3 35.Rf6+ Kh8  0-1

[Event "10th Karpov"]
[Site "Poikovsky RUS"]
[Date "2009.06.11"]
[Round "8"]
[White "Sutovsky,E"]
[Black "Onischuk,Al"]
[Result "1/2-1/2"]
[WhiteElo "2660"]
[BlackElo "2684"]

1.e4 e5 2.Nf3 Nc6 3.Bb5 a6 4.Ba4 Nf6 5.O-O Be7 6.Re1 b5 7.Bb3 d6 8.c3 O-O
9.h3 Nd7 10.d4 Bf6 11.a4 Bb7 12.d5 Ne7 13.Be3 Nc5 14.axb5 Nxb3 15.Qxb3 axb5
16.Na3 c6 17.Rad1 cxd5 18.exd5 Rb8 19.Ba7 Ra8 20.Be3 Rb8 21.Ba7 Ra8  1/2-1/2

[Event "10th Karpov"]
[Site "Poikovsky RUS"]
[Date "2009.06.12"]
[Round "9"]
[White "Onischuk,Al"]
[Black "Inarkiev,E"]
[Result "1/2-1/2"]
[WhiteElo "2684"]
[BlackElo "2676"]

1.d4 Nf6 2.c4 g6 3.Nc3 Bg7 4.e4 d6 5.Nf3 O-O 6.Be2 e5 7.Be3 Ng4 8.Bg5 f6
9.Bh4 g5 10.Bg3 Nh6 11.c5 g4 12.Nh4 Nc6 13.cxd6 cxd6 14.dxe5 fxe5 15.Bc4+ Kh8
16.Qd2 Nd4 17.Ne2 Nxe2 18.Bxe2 Be6 19.O-O Qe7 20.b3 Rad8 21.Rad1 a6 22.Bc4 Bc8
23.f4 b5 24.Bd5 Ng8 25.Qe1 Nf6 26.fxe5 Nxd5 27.Rxf8+ Qxf8 28.exd5 dxe5 29.Qe4 Qf6
30.Re1 Rf8 31.Qxe5 Qf7 32.Qe4 Bb7 33.Qxg4 Bxd5 34.h3 Rg8 35.Qf5 Qxf5 36.Nxf5 Bf6
37.Kh2 h5 38.Rd1 Be4 39.Rd6 Rg6 40.Rxf6 Rxf6 41.Be5  1/2-1/2

[Event "TIM"]
[Site "Montreal CAN"]
[Date "2009.08.29"]
[Round "3"]
[White "Bluvshtein,M"]
[Black "Onischuk,Al"]
[Result "1-0"]
[WhiteElo "2558"]
[BlackElo "2699"]

1.d4 Nf6 2.c4 e6 3.Nc3 Bb4 4.e3 O-O 5.Ne2 Re8 6.g3 d5 7.cxd5 Qxd5 8.Rg1 Qh5
9.h3 e5 10.g4 Qh4 11.Bg2 Nc6 12.d5 Ne7 13.Qb3 Bxc3+ 14.Nxc3 c6 15.d6 Be6
16.Qxb7 Ned5 17.Bd2 Rab8 18.Qxa7 Nb4 19.O-O-O Ra8 20.Qc7 Rec8 21.Qe7 Re8
22.Qc7 Rec8 23.Qe7 Qxf2 24.d7 Nxa2+ 25.Nxa2 Nxd7 26.Nc3 Ra1+ 27.Nb1 Qe2 28.Be4 Qc4+
29.Bc2 Nb6 30.Qb4 Qa6 31.e4 Nc4 32.Bc3 Qa7 33.Rg3 h6 34.Rgd3 Rb8 35.Qxb8+ Kh7
36.Qb4 c5 37.b3  1-0

[Event "World Cup"]
[Site "Khanty-Mansiysk RUS"]
[Date "2009.11.24"]
[Round "2.1"]
[White "Naiditsch,A"]
[Black "Onischuk,Al"]
[Result "1-0"]
[WhiteElo "2689"]
[BlackElo "2672"]

1.e4 e5 2.Nf3 Nc6 3.Bb5 a6 4.Ba4 Nf6 5.O-O Bc5 6.c3 O-O 7.d4 Ba7 8.Bg5 h6
9.Bh4 exd4 10.e5 g5 11.Bg3 Ne4 12.cxd4 d5 13.Nc3 Bg4 14.Qd3 Bf5 15.Qe3 Ne7
16.Rad1 Bg6 17.Qc1 Nf5 18.Bb3 g4 19.Nxe4 dxe4 20.Nh4 Nxg3 21.fxg3 Kh7 22.Rf6  1-0

[Event "7th World Team Championship"]
[Site "Bursa TUR"]
[Date "2010.01.09"]
[Round "5"]
[White "Onischuk,Al"]
[Black "Smirin,I"]
[Result "1-0"]
[WhiteElo "2670"]
[BlackElo "2668"]

1.d4 Nf6 2.c4 g6 3.Nc3 Bg7 4.e4 d6 5.Nf3 O-O 6.Be2 e5 7.Be3 Ng4 8.Bg5 f6
9.Bh4 g5 10.Bg3 Nh6 11.c5 g4 12.Nh4 Nc6 13.cxd6 cxd6 14.dxe5 dxe5 15.Bc4+ Kh8
16.Qxd8 Rxd8 17.O-O Nd4 18.Rad1 Bd7 19.f4 Rac8 20.Bd3 Nf7 21.fxe5 Nxe5 22.Bb1 Be6
23.Bf2 Nec6 24.Nf5 Nxf5 25.exf5 Bc4 26.Rxd8+ Rxd8 27.Rd1 Rxd1+ 28.Nxd1 h5
29.b3 Bf7 30.Be4 a6 31.Nc3 Bf8 32.Nd5 Kg7 33.Nc7 Nb4 34.a3 Nc6 35.b4 a5 36.Bxc6 axb4
37.Bd5 Bxd5 38.Nxd5 bxa3 39.Bd4 Kf7 40.Kf1 b5 41.Ke2 a2 42.Kd3 Bd6 43.Kc2  1-0

[Event "ch-USA"]
[Site "Saint Louis USA"]
[Date "2010.05.14"]
[Round "1"]
[White "Benjamin,Joe"]
[Black "Onischuk,Al"]
[Result "0-1"]
[WhiteElo "2565"]
[BlackElo "2699"]

1.e4 e5 2.Nf3 Nc6 3.Bb5 a6 4.Ba4 Nf6 5.O-O Be7 6.Bxc6 dxc6 7.Nc3 Nd7 8.d4 exd4
9.Qxd4 O-O 10.Rd1 Nc5 11.Qe3 Qe8 12.Nd4 Bd6 13.Qf3 Qe5 14.g3 Ne6 15.Nf5 Re8
16.Be3 Bf8 17.Rd3 f6 18.Rad1 Ng5 19.Bxg5 fxg5 20.Rd8 Bxf5 21.Rxa8 Rxa8 22.Qxf5 Bd6
23.Qxe5 Bxe5 24.Rd7 Re8 25.f3 g4 26.Kf2 gxf3 27.Kxf3 Re6 28.Ne2 Kf8 29.Nf4 Rf6
30.h4 Ke8 31.Rd1 Rd6 32.Nd3 Ke7 33.Re1 Ke6 34.b3 b6 35.g4 c5 36.Ke3 Bd4+
37.Ke2 c4 38.bxc4 Rc6 39.c5 Bxc5 40.Rf1 Be7 41.Nf4+ Ke5 42.Nd5 Bxh4 43.Kd3 Rd6
44.Rf8 Rd8 45.Rf5+ Ke6 46.Ke3 Bg3 47.Rh5 h6 48.g5 Rh8 49.Nf4+ Bxf4+ 50.Kxf4 Kf7
51.Ke5 Kg6 52.Rh2 Re8+ 53.Kd5 Kxg5 54.e5 h5 55.e6 h4 56.Ke5 Kh5 57.Rf2 h3
58.Rf3 Kg4 59.Rf7 g5 60.Kf6 Rh8 61.e7 h2 62.Rh7 Rxh7 63.e8=Q h1=Q 64.Qe6+ Kh4  0-1

[Event "ch-USA"]
[Site "Saint Louis USA"]
[Date "2010.05.15"]
[Round "2"]
[White "Onischuk,Al"]
[Black "Christiansen,L"]
[Result "1/2-1/2"]
[WhiteElo "2699"]
[BlackElo "2578"]

1.d4 Nf6 2.c4 g6 3.Nc3 Bg7 4.e4 d6 5.Nf3 O-O 6.Be2 e5 7.Be3 c6 8.d5 Na6 9.Nd2 Ne8
10.O-O c5 11.f4 Bh6 12.Qe1 Qe7 13.Qg3 exf4 14.Bxf4 Bxf4 15.Rxf4 Bd7 16.Raf1 f6
17.Nd1 Ng7 18.Qf2 f5 19.exf5 Rxf5 20.Rxf5 Nxf5 21.a3 Rf8 22.Bd3 Nc7 23.Ne4 Ne8
24.Ndc3 Nd4 25.Qxf8+ Qxf8 26.Rxf8+ Kxf8 27.Ng3 Ke7 28.Kf2 Nf6 29.h3 Be8 30.Ke3 Nd7
31.Nge2 Nxe2 32.Bxe2 Ne5 33.Kf4 h6 34.h4 Nf7 35.Ne4 Ba4 36.Bd3 b6 37.Nd2 Ne5
38.Bb1 Bd1 39.b3 a6 40.a4 Be2 41.Ke3 Bg4 42.Kf4 Bd1 43.Ke3 g5 44.hxg5 hxg5
45.Bf5 Kf6 46.Bc8 a5 47.Ne4+ Ke7 48.Nd2 Bc2 49.g3 Nf7 50.Bg4 Nh6 51.Be6 Kf6
52.Ne4+ Ke5 53.Nxg5 Bxb3 54.Nf3+ Kf6 55.g4 Nf7 56.Nd2 Bc2 57.Bxf7 Kxf7 58.Ne4 Ke7
59.g5 Bxa4 60.g6 Kf8 61.Nxd6 Bd7 62.Nf7 a4 63.Kd2 a3 64.Kc3 b5 65.Ne5 Be8
66.cxb5 Bxb5 67.Kb3 Kg7 68.Kxa3 Kf6 69.Kb2 Be8 70.d6 Bxg6 71.Nxg6 Ke6 72.Ne5  1/2-1/2

[Event "ch-USA"]
[Site "Saint Louis USA"]
[Date "2010.05.16"]
[Round "3"]
[White "Kudrin,S"]
[Black "Onischuk,Al"]
[Result "0-1"]
[WhiteElo "2571"]
[BlackElo "2699"]

1.e4 d6 2.d4 g6 3.Nc3 Bg7 4.Be3 c6 5.a4 Nf6 6.h3 Qa5 7.Qd2 O-O 8.g4 c5 9.Nge2 Nc6
10.Bg2 cxd4 11.Nxd4 Nxd4 12.Bxd4 Qb4 13.Nb5 Qxd2+ 14.Kxd2 a6 15.Nc7 Rb8 16.Ba7 Bd7
17.Bxb8 Rxb8 18.g5 Nh5 19.Nd5 Bxb2 20.Ra2 Be5 21.Ke3 Be6 22.h4 Nf4 23.Bf3 Bxd5
24.exd5 Rc8 25.Be4 f5 26.gxf6 exf6 27.Rb1 f5 28.Bh1 Rc3+ 29.Kd2 Rh3 30.c4 Bd4
31.a5 Bxf2 32.Rab2 Bd4 33.Rxb7 Rh2+ 34.Kd1 Rxh1+ 35.Kc2 Rh2+ 36.Kb3 Nd3 37.Rc7 Re2
38.Rc6 Nc5+ 39.Ka3 Re3+ 40.Ka2 Re2+ 41.Ka3 Re3+ 42.Ka2 Re8 43.Rxd6 Ne4  0-1

[Event "11th Karpov"]
[Site "Poikovsky RUS"]
[Date "2010.06.05"]
[Round "4"]
[White "Onischuk,Al"]
[Black "Jobava,Ba"]
[Result "1/2-1/2"]
[WhiteElo "2699"]
[BlackElo "2715"]

1.d4 d5 2.c4 e6 3.Nc3 Nf6 4.Nf3 Be7 5.Bg5 h6 6.Bh4 O-O 7.e3 Ne4 8.Bxe7 Qxe7
9.Rc1 Nxc3 10.Rxc3 c6 11.Be2 Nd7 12.O-O dxc4 13.Bxc4 b6 14.Bd3 c5 15.Be4 Rb8
16.Qa4 Bb7 17.Bxb7 Rxb7 18.Qc2 Re8 19.a3 a5 20.h3 e5 21.dxe5 Nxe5 22.Nxe5 Qxe5
23.Rd1 Rbe7 24.Rcd3  1/2-1/2

[Event "11th Karpov"]
[Site "Poikovsky RUS"]
[Date "2010.06.06"]
[Round "5"]
[White "Naiditsch,A"]
[Black "Onischuk,Al"]
[Result "1/2-1/2"]
[WhiteElo "2686"]
[BlackElo "2699"]

1.e4 e5 2.Nf3 Nc6 3.Bb5 a6 4.Ba4 Nf6 5.O-O Be7 6.Re1 b5 7.Bb3 O-O 8.h3 Bb7
9.d3 Re8 10.Nc3 Bb4 11.a3 Bxc3 12.bxc3 Na5 13.Ba2 d5 14.exd5 Bxd5 15.c4 bxc4
16.Nxe5 cxd3 17.cxd3 Qd6 18.Bf4 Nc6 19.Ng4 Qxf4 20.Nxf6+ Qxf6 21.Bxd5 Rxe1+
22.Qxe1 Rd8 23.Rc1 Ne7 24.Be4 Qd6 25.Qa5 Qb6 26.Qe5 Qd6 27.Qxd6 cxd6 28.Rc7 Kf8
29.Ra7 d5 30.Bf3 Rc8 31.Rxa6 Rc1+ 32.Kh2 g6 33.Ra8+ Kg7 34.Ra7 Kf6 35.g4 h6
36.Ra6+ Ke5 37.Kg3 Rc3 38.Ra7 Ke6 39.Be2 Nc6 40.Ra6 Ke5 41.f4+ Kd4 42.Ra8 Ke3
43.Bf1 Nd4 44.Re8+ Kd2 45.Re5 Rxa3 46.Rxd5 Nc2 47.Rd7 Ne3 48.Kf2 Nxf1 49.Kxf1 f5
50.Kg2 Rxd3 51.Re7 h5 52.Re6 h4 53.Rxg6 Ke3 54.gxf5 Kxf4 55.f6 Rd2+ 56.Kg1  1/2-1/2

[Event "11th Karpov"]
[Site "Poikovsky RUS"]
[Date "2010.06.11"]
[Round "9"]
[White "Karjakin,Sergey"]
[Black "Onischuk,Al"]
[Result "1/2-1/2"]
[WhiteElo "2739"]
[BlackElo "2699"]

1.e4 e5 2.Nf3 Nc6 3.Bb5 a6 4.Ba4 Nf6 5.O-O Bc5 6.c3 O-O 7.d4 Ba7 8.dxe5 Nxe4
9.Qd5 Nc5 10.Bc2 Ne7 11.Qd1 d5 12.exd6 Qxd6 13.Qxd6 cxd6 14.Rd1 Bf5 15.Na3 Rfd8
16.Nd4 Bxc2 17.Naxc2 Ne6 18.Ne2 Bc5 19.Rd3 Nc6 20.Be3 Ne5 21.Rd5 Nc4 22.Bc1 a5
23.a4 Rac8 24.Kf1 Nc7 25.Rd1 d5 26.b3 Ne5 27.Be3 Ne6 28.f3 Nc6 29.Bxc5 Nxc5
30.Ncd4 Nxd4 31.Nxd4 Ne6 32.Rac1 Nxd4 33.Rxd4 Kf8 34.Ke2 Rc5 35.Kd2 Rdc8
36.Rd3 R8c6 37.Re1 Re6 38.Rb1 Rb6 39.Re3 Re6 40.Rd3 Rb6 41.Kc2 Ke7 42.Rbd1 Rbc6
43.Kb2 b6 44.R1d2 Ke6 45.h4 h6 46.g4 g6 47.f4 Kf6 48.Rxd5 Rxc3 49.g5+ Kg7
50.Rd8 Rc8 51.Rxc8 Rxc8 52.Rd6 Rb8 53.b4 axb4 54.Kb3 Re8 55.Rxb6 Re3+ 56.Kxb4 Re4+
57.Kb3 Rxf4 58.a5 Rxh4 59.a6 Rh1 60.Ka2 Rh2+ 61.Rb2 Rh4 62.Rb3 Rh2+ 63.Ka3 Rh1
64.Ka4 Ra1+ 65.Ra3 Re1 66.a7 Re8 67.Kb5 Ra8 68.gxh6+ Kxh6 69.Kc6 Kg5 70.Kb7 Re8
71.a8=Q Rxa8 72.Rxa8 Kf4 73.Ra4+ Kf3 74.Ra3+ Kf4 75.Kc6 g5 76.Kd5 g4 77.Ra4+ Kf3
78.Ke5 g3 79.Ra3+ Kg4 80.Kf6  1/2-1/2

[Event "38th World Open"]
[Site "King of Prussia USA"]
[Date "2010.07.02"]
[Round "4"]
[White "Hirneise,T"]
[Black "Onischuk,Al"]
[Result "0-1"]
[WhiteElo "2447"]
[BlackElo "2699"]

1.d4 Nf6 2.c4 e6 3.g3 d5 4.Nf3 dxc4 5.Bg2 Nc6 6.Qa4 Bb4+ 7.Bd2 Nd5 8.Bxb4 Nxb4
9.O-O Rb8 10.Na3 a6 11.Ne5 O-O 12.Nxc6 Nxc6 13.Bxc6 bxc6 14.Nxc4 Qxd4 15.Rfd1 Qe4
16.Rd2 Rb5 17.Rc1 e5 18.Qa3 Rd5 19.f3 Qg6 20.Rxd5 cxd5 21.Nxe5 Qb6+ 22.e3 Re8
23.Rc6 Qb5 24.Rxc7 Bh3 25.Nd3 Rxe3 26.Qc5 Qxc5 27.Nxc5 Rxf3  0-1

[Event "38th World Open"]
[Site "King of Prussia USA"]
[Date "2010.07.04"]
[Round "6"]
[White "Perelshteyn,E"]
[Black "Onischuk,Al"]
[Result "1-0"]
[WhiteElo "2534"]
[BlackElo "2699"]

1.d4 f5 2.c4 Nf6 3.Nc3 d6 4.Bg5 Nbd7 5.Qc2 g6 6.O-O-O Bg7 7.Nh3 e5 8.dxe5 Nxe5
9.Nf4 c6 10.e3 Nf7 11.h4 Nxg5 12.hxg5 Ng4 13.c5 d5 14.Ncxd5 cxd5 15.Bb5+ Kf8
16.Rxd5 Qxg5 17.Qd2 Bf6 18.Bd7 Bxd7 19.Rxd7 Re8 20.Qd6+ Be7 21.Ne6+ Kg8 22.Nxg5 Bxd6
23.cxd6 h6 24.Rc7  1-0

[Event "39th Olympiad Men"]
[Site "Khanty-Mansiysk RUS"]
[Date "2010.09.23"]
[Round "3"]
[White "Vasquez Schroeder,R"]
[Black "Onischuk,Al"]
[Result "1/2-1/2"]
[WhiteElo "2521"]
[BlackElo "2688"]

1.d4 Nf6 2.c4 e6 3.Nf3 d5 4.Nc3 Be7 5.Bg5 h6 6.Bxf6 Bxf6 7.e3 O-O 8.Rc1 c6
9.Bd3 Nd7 10.O-O dxc4 11.Bxc4 g6 12.Qc2 Bg7 13.Rfd1 Qe7 14.e4 Rd8 15.a3 b5
16.Ba2 b4 17.axb4 Qxb4 18.d5 cxd5 19.exd5 Nf8 20.Rd2 Bd7 21.dxe6 Bxe6 22.Nd5 Qb7
23.Rcd1 Kh8 24.h3 Rd7 25.Nc3 Rxd2 26.Rxd2 Bxa2 27.Nxa2 Rc8 28.Nc3 Ne6 29.Qa4 Kg8
30.Qe4 Qxe4 31.Nxe4 Kf8 32.Rd7 Rc1+ 33.Kh2 Rc7 34.Rd2 Rb7 35.Nc3 Bxc3 36.bxc3 a5
37.Ra2 Ra7 38.Ne5 a4 39.Kg3 Nc5 40.Kf3 Re7 41.Nc4 Re6 42.Nb2 Re4  1/2-1/2

[Event "39th Olympiad Men"]
[Site "Khanty-Mansiysk RUS"]
[Date "2010.09.24"]
[Round "4"]
[White "Karjakin,Sergey"]
[Black "Onischuk,Al"]
[Result "1-0"]
[WhiteElo "2747"]
[BlackElo "2688"]

1.e4 e5 2.Nf3 Nc6 3.Bb5 a6 4.Ba4 Nf6 5.O-O Be7 6.Re1 b5 7.Bb3 O-O 8.h3 Bb7
9.d3 d5 10.exd5 Nxd5 11.Nxe5 Nd4 12.Bd2 c5 13.Nc3 Nxb3 14.axb3 Nb4 15.Ne4 f5
16.Ng3 Qd5 17.Nf3 Qd7 18.Ne5 Qd5 19.Nf3 Qd7 20.Bxb4 cxb4 21.d4 Rac8 22.Qd3 Bd6
23.Ne5 Qc7 24.Nxf5 Bxe5 25.Rxe5 Qxc2 26.Ne7+ Kh8 27.Qg3 Rcd8 28.Rae1 Qd2
29.R1e3 Qxb2 30.Qh4 Rd6 31.Rf5 Ra8 32.Qf4 Rdd8 33.Rf7  1-0

[Event "39th Olympiad Men"]
[Site "Khanty-Mansiysk RUS"]
[Date "2010.09.28"]
[Round "7"]
[White "Onischuk,Al"]
[Black "Macieja,B"]
[Result "1-0"]
[WhiteElo "2688"]
[BlackElo "2651"]

1.d4 Nf6 2.c4 e6 3.Nc3 Bb4 4.e3 O-O 5.Bd3 c5 6.Nf3 d5 7.O-O cxd4 8.exd4 dxc4
9.Bxc4 Nbd7 10.Qe2 Nb6 11.Bb3 Bd7 12.Ne5 Rc8 13.Bg5 Bc6 14.Rad1 Be7 15.Nxc6 Rxc6
16.Bxf6 Bxf6 17.d5 exd5 18.Nxd5 Nxd5 19.Bxd5 Rd6 20.Bxb7 Re8 21.Qxe8+ Qxe8
22.Rxd6 Qb5 23.Rfd1 g6 24.Bd5  1-0

[Event "39th Olympiad Men"]
[Site "Khanty-Mansiysk RUS"]
[Date "2010.09.29"]
[Round "8"]
[White "Onischuk,Al"]
[Black "Zhou Jianchao"]
[Result "1/2-1/2"]
[WhiteElo "2688"]
[BlackElo "2660"]

1.d4 Nf6 2.c4 g6 3.Nc3 d5 4.cxd5 Nxd5 5.e4 Nxc3 6.bxc3 Bg7 7.Bc4 c5 8.Ne2 Nc6
9.Be3 O-O 10.O-O Qc7 11.Rc1 e6 12.Qd2 b6 13.Rfd1 Bb7 14.Bf4 Qe7 15.Bg5 Bf6
16.Bxf6 Qxf6 17.Qe3 Na5 18.Bd3 Rac8 19.e5 Qe7 20.Ng3 cxd4 21.cxd4 Bd5 22.Ne4 Bxe4
23.Bxe4 Rxc1 24.Rxc1 Rd8 25.g3 Qd7 26.Bf3 b5 27.Rd1 Qe7 28.d5 exd5 29.Bxd5 Nc4
30.Qb3 Nxe5 31.Qxb5 Kg7 32.Qe2 Qf6 33.Bg2 Rxd1+ 34.Qxd1 h5 35.Qe2 Qd6 36.Qb2 Kg8
37.Qb3 Ng4 38.Bf3 Qd4 39.Qc2 Ne5 40.Kg2 Nd3 41.Qd2 h4 42.Kf1 Qa1+ 43.Qd1 Qd4
44.Ke2 Qxf2+ 45.Kxd3 Qxh2 46.gxh4 Qxa2 47.Ke3 Qe6+ 48.Kf2 Qf6 49.Kg3 Qe5+
50.Kg2 Kg7 51.h5  1/2-1/2

[Event "39th Olympiad Men"]
[Site "Khanty-Mansiysk RUS"]
[Date "2010.09.30"]
[Round "9"]
[White "Georgiev,Ki"]
[Black "Onischuk,Al"]
[Result "1/2-1/2"]
[WhiteElo "2685"]
[BlackElo "2688"]

1.d4 Nf6 2.c4 e6 3.g3 d5 4.Nf3 Bb4+ 5.Bd2 Be7 6.Bg2 O-O 7.O-O c6 8.Bf4 dxc4
9.Ne5 Nd5 10.Nxc4 c5 11.dxc5 Bxc5 12.Nc3 Nxf4 13.gxf4 Qc7 14.e3 Bd7 15.Ne5 Bc6
16.Rc1 Bxg2 17.Kxg2 Qe7 18.Ne4 Na6 19.a3 Rad8 20.Qc2 Bd6 21.Rfd1 Bxe5 22.fxe5 Qh4
23.f3 Rxd1 24.Qxd1 Nb8 25.Rc7 Nc6 26.Rxb7 Nxe5 27.Rxa7 f5 28.Ng3 Rd8 29.Qe2 Nc4
30.Nf1 Ne5 31.Rc7 f4 32.Rc5 Qg5+ 33.Kh1 fxe3 34.Qxe3 Qxe3 35.Nxe3 Nxf3 36.Kg2 Ne1+
37.Kf1 Nd3 38.Rb5 Rd4 39.b4 Rh4 40.Ke2 Nf4+ 41.Kf3 Nd3 42.Kg3 Re4 43.Kf3 Rh4
44.Kg3 Re4 45.Ng4 Rc4 46.Ra5 h5 47.Ne3 Re4 48.Kf3 Rh4 49.Nf1 Kf7 50.Ke3 Nb2
51.Ra6 Nc4+ 52.Kd3 Ne5+ 53.Ke2 Re4+ 54.Kf2 Rf4+ 55.Ke2 Re4+ 56.Kf2 Rf4+  1/2-1/2

[Event "39th Olympiad Men"]
[Site "Khanty-Mansiysk RUS"]
[Date "2010.10.03"]
[Round "11"]
[White "Quesada Perez,Yu"]
[Black "Onischuk,Al"]
[Result "1/2-1/2"]
[WhiteElo "2614"]
[BlackElo "2688"]

1.e4 e5 2.Nf3 Nc6 3.Bb5 a6 4.Ba4 Nf6 5.O-O Be7 6.Re1 b5 7.Bb3 O-O 8.h3 Bb7
9.d3 Re8 10.Nc3 Bb4 11.Ng5 Rf8 12.a3 Bxc3 13.bxc3 Na5 14.f4 d6 15.Rf1 Nxb3
16.cxb3 h6 17.Nf3 Nd7 18.fxe5 dxe5 19.Ne1 Nc5 20.Be3 Qd6 21.Qc2 Rad8 22.Bxc5 Qxc5+
23.Kh1 f5 24.exf5 Qe3 25.Kh2 e4 26.Rd1 Rd5 27.Qd2 Qxd2 28.Rxd2 Rdxf5 29.Rxf5 Rxf5
30.Kg1 Rc5 31.c4 Rc6 32.Rc2 Rd6 33.Rc3 exd3 34.Nxd3 bxc4 35.bxc4 Be4 36.Nc5 Bg6
37.Kf2 Rc6 38.Nb3 Bf7 39.Nd2 Kf8 40.Ke2 Bd5 41.g3 Kf7 42.h4 Kg6 43.Kd3 Bg2
44.Ke2 Kf5 45.Re3 Kg4 46.Kf2 Rd6 47.Ne4 Bxe4 48.Rxe4+ Kh3 49.Re7 Rf6+ 50.Ke2 Rg6
51.Rxc7 Rxg3 52.h5 Kh4 53.Rc5 Rxa3 54.Rd5 a5 55.Kd2 Ra2+ 56.Kc3 a4 57.c5 a3
58.Kb3 Ra1 59.Re5 Kg4 60.Re7 a2 61.Rxg7+ Kxh5 62.Rc7 Kg6 63.Kb2 Rc1 64.Kxa2 h5
65.Kb3 h4 66.Rc8 h3 67.Rh8 Rxc5 68.Rxh3  1/2-1/2

[Event "Schachbundesliga 2010-11"]
[Site "Aue GER"]
[Date "2010.10.08"]
[Round "7"]
[White "Bromberger,S"]
[Black "Onischuk,Al"]
[Result "1/2-1/2"]
[WhiteElo "2530"]
[BlackElo "2688"]

1.d4 Nf6 2.c4 e6 3.g3 d5 4.Nf3 Bb4+ 5.Bd2 Be7 6.Bg2 O-O 7.O-O c6 8.Qc2 Nbd7
9.Bf4 a5 10.Rd1 Nh5 11.Bc1 b5 12.Ne5 Bb7 13.c5 g6 14.Bh6 Ng7 15.Nf3 Re8 16.Nc3 b4
17.Na4 Ba6 18.b3 Bb5 19.e4 dxe4 20.Qxe4 Nf5 21.Bd2 Nf6 22.Qe1 Nd5 23.a3 Bf6
24.Qe4 Qc7 25.g4 Nfe7 26.Ne5 Red8 27.axb4 axb4 28.Nc4 Rxa4 29.Rxa4 Bxa4 30.bxa4 Nc3
31.Bxc3 bxc3 32.Nd6 Nd5 33.Qc2 e5 34.dxe5 Bxe5 35.Bxd5 cxd5 36.Rxd5 Bxd6
37.Rxd6 Rc8 38.Rd5 Qf4 39.Qxc3 Qxg4+ 40.Qg3 Qxa4 41.Qg5 Qa1+ 42.Kg2 Qa8 43.f3 Qa5
44.c6 f6 45.Qg4 Qa2+ 46.Kg3 Qxd5 47.Qxc8+ Kf7  1/2-1/2

[Event "Schachbundesliga 2010-11"]
[Site "Aue GER"]
[Date "2010.10.10"]
[Round "2"]
[White "Onischuk,Al"]
[Black "Volokitin,And"]
[Result "1-0"]
[WhiteElo "2688"]
[BlackElo "2661"]

1.d4 Nf6 2.c4 e6 3.Nf3 b6 4.g3 Bb7 5.Bg2 Bb4+ 6.Bd2 Bxd2+ 7.Nbxd2 c5 8.e4 Nxe4
9.Ne5 d5 10.cxd5 exd5 11.Qa4+ Ke7 12.Nxe4 dxe4 13.Rd1 Qd5 14.O-O f5 15.f3 e3
16.Rfe1 Kf6 17.dxc5 Qxe5 18.Rd6+ Ke7 19.Qh4+ Kf7 20.Qc4+  1-0

[Event "SPICE Cup GMA"]
[Site "Lubbock USA"]
[Date "2010.10.29"]
[Round "2"]
[White "Meier,Geo"]
[Black "Onischuk,Al"]
[Result "1-0"]
[WhiteElo "2659"]
[BlackElo "2688"]

1.e4 e5 2.Nf3 Nc6 3.Bb5 Nf6 4.O-O Nxe4 5.Re1 Nd6 6.Nxe5 Nxe5 7.Rxe5+ Be7
8.Bf1 O-O 9.Nc3 c6 10.d4 Ne8 11.d5 d6 12.Re1 Nf6 13.Bf4 Bg4 14.Qd2 Qd7 15.Bc4 Rfe8
16.h3 Bh5 17.a4 Bf8 18.a5 Bg6 19.Rxe8 Rxe8 20.Be3 Ne4 21.Nxe4 Rxe4 22.Bd3 Re5
23.dxc6 bxc6 24.c4 a6 25.b4 Bxd3 26.Qxd3 Qb7 27.Bd4 Rg5 28.f4 Rg6 29.f5 Rg5
30.g4 Qxb4 31.Qc3 Qb8 32.Qf3 h5 33.Rf1 Be7 34.Be3 hxg4 35.hxg4 Qb2 36.Rf2 Qa1+
37.Kg2 Qxa5 38.Rb2 Qc7 39.c5 Bf6 40.Re2 dxc5 41.Bxg5 Bxg5 42.Re8+ Kh7 43.Qh3+ Bh6
44.g5  1-0

[Event "SPICE Cup GMA"]
[Site "Lubbock USA"]
[Date "2010.10.30"]
[Round "3"]
[White "Onischuk,Al"]
[Black "Perelshteyn,E"]
[Result "1-0"]
[WhiteElo "2688"]
[BlackElo "2528"]

1.d4 Nf6 2.c4 e6 3.Nc3 Bb4 4.e3 b6 5.Ne2 Bb7 6.a3 Bd6 7.Ng3 h5 8.f3 h4 9.Nge4 Nxe4
10.Nxe4 Be7 11.Nc3 f5 12.e4 O-O 13.exf5 exf5 14.Be2 Bf6 15.O-O Nc6 16.Be3 Ne7
17.Qd2 d5 18.Rac1 dxc4 19.Bxc4+ Kh8 20.Ne2 Nd5 21.Bxd5 Bxd5 22.Nf4 Rf7 23.Rfe1 Qd7
24.Bf2 Kh7 25.Nh3 Qd8 26.Qf4 g6 27.Re5 Kg8 28.Rce1 Re7 29.Qh6 Bf7 30.Qe3 Re8
31.Qf4 a5 32.Qh6 Bg7 33.Qc1 Qd6 34.Qf4 Rad8 35.Qxh4 Bf6 36.Ng5 Bxg5 37.Qxg5 c5
38.dxc5 bxc5 39.Bxc5 Qxe5 40.Rxe5 Rd1+ 41.Kf2 Rxe5 42.b4 axb4 43.axb4 Red5
44.h4 R1d2+ 45.Kg3 Re2 46.Qf6 Re6 47.Qa1 Re8 48.Kf4 Rd7 49.Qf6 Re6 50.Qc3 Re8
51.b5 Re6 52.Bd4 Re8 53.b6 Bd5 54.Be5 Kh7 55.Kg5 Bb7 56.Qc5 Ree7 57.Ba1 Rf7
58.Qe5  1-0

[Event "SPICE Cup GMA"]
[Site "Lubbock USA"]
[Date "2010.11.05"]
[Round "8"]
[White "Perelshteyn,E"]
[Black "Onischuk,Al"]
[Result "1/2-1/2"]
[WhiteElo "2528"]
[BlackElo "2688"]

1.e4 e5 2.Nf3 Nc6 3.d4 exd4 4.Bc4 Nf6 5.e5 d5 6.Bb5 Ne4 7.Nxd4 Bd7 8.Bxc6 bxc6
9.O-O Be7 10.f3 Nc5 11.f4 Ne4 12.Nc3 Nxc3 13.bxc3 c5 14.Nb3 c4 15.Nd4 c5
16.Ne2 Bc6 17.Be3 Qc7 18.a4 O-O 19.Qe1 f6 20.exf6 Rxf6 21.Qf2 Qd6 22.Ng3 Raf8
23.Rad1 Qc7 24.Bxc5 Rxf4 25.Qe3 Rxf1+ 26.Nxf1 Re8 27.Bxa7 Bf6 28.Qf2 Bxc3
29.Bd4 Qa5 30.Ng3 Rf8 31.Qe3 Bxd4 32.Qxd4 Qxa4 33.c3 Rf7 34.Ne2 Qc2 35.Qd2 Qxd2
36.Rxd2 h6 37.Nd4 Be8 38.Re2 Rf8 39.Re7 Bf7 40.Ra7 Re8 41.Kf2 Bg6 42.g3 Rf8+
43.Ke3 Rf1 44.Ra2 Bd3 45.Nc6 Be4 46.Rd2 Rc1 47.Kd4 Kf7 48.Ne5+ Ke6 49.Ng4 Rf1
50.Ne3 Rf3 51.Ra2 h5 52.Ra6+ Kf7 53.Ra1 h4 54.Rf1 hxg3  1/2-1/2

[Event "53rd Masters"]
[Site "Reggio Emilia ITA"]
[Date "2011.01.02"]
[Round "5"]
[White "Onischuk,Al"]
[Black "Short,N"]
[Result "1/2-1/2"]
[WhiteElo "2683"]
[BlackElo "2680"]

1.d4 e6 2.c4 Bb4+ 3.Bd2 Bxd2+ 4.Qxd2 Nf6 5.g3 O-O 6.Bg2 d5 7.Nf3 Qe7 8.O-O Rd8
9.Qc3 b6 10.Nbd2 Bb7 11.Rac1 Nbd7 12.b4 dxc4 13.Qxc4 Rdc8 14.Ne5 Bxg2 15.Kxg2 c5
16.Nxd7 Qxd7 17.bxc5 bxc5 18.Nf3 cxd4 19.Qxd4 Qb7 20.Qd3 h6 21.Rxc8+ Rxc8
22.Rb1 Qa8 23.Qa6 Ne4 24.Rb2 Rc7 25.Qb5 Kh7 26.Qd3 f5 27.Qd4 Qc6 28.Ne5 Qc3
29.Qxc3 Nxc3 30.h4 g5 31.hxg5 hxg5 32.g4 Kg7 33.gxf5 exf5 34.e3 Kf6 35.Nf3 Ne4
36.Nd2 Nd6 37.Nf3 Rc5 38.Nd4 Ra5 39.Rc2 Ne4 40.Nb3 Ra3 41.Nd2 Nxd2 42.Rxd2 Ke5
43.Kf3 a5 44.Rc2 a4 45.Rb2 g4+ 46.Kg3 f4+  1/2-1/2

[Event "53rd Masters"]
[Site "Reggio Emilia ITA"]
[Date "2011.01.04"]
[Round "7"]
[White "Onischuk,Al"]
[Black "Caruana,F"]
[Result "1/2-1/2"]
[WhiteElo "2683"]
[BlackElo "2709"]

1.d4 d5 2.c4 c6 3.Nc3 dxc4 4.e4 b5 5.a4 b4 6.Nb1 Ba6 7.Qc2 Nf6 8.Nd2 c3 9.Bxa6 Nxa6
10.bxc3 e6 11.Ngf3 bxc3 12.Qxc3 Rc8 13.O-O Nb4 14.Re1 Be7 15.Nb3 Nd7 16.Ba3 a5
17.Reb1 Rb8 18.Bxb4 Bxb4 19.Qxc6 O-O 20.Rc1 Nf6 21.Qc2 Rc8 22.Qe2 Qd7 23.Nc5 Qa7
24.Qe3 Ng4 25.Qf4 Nf6 26.Qe3 Ng4 27.Qf4 Nf6 28.Nd3 Qb7 29.Nc5  1/2-1/2

[Event "53rd Masters"]
[Site "Reggio Emilia ITA"]
[Date "2011.01.05"]
[Round "8"]
[White "Vallejo Pons,F"]
[Black "Onischuk,Al"]
[Result "1-0"]
[WhiteElo "2698"]
[BlackElo "2683"]

1.e4 e5 2.Nf3 Nc6 3.d4 exd4 4.Nxd4 Nf6 5.Nxc6 bxc6 6.e5 Qe7 7.Qe2 Nd5 8.Nd2 Bb7
9.Nf3 Qb4+ 10.Qd2 Qe4+ 11.Be2 Ba6 12.Kf1 Bxe2+ 13.Qxe2 Qf5 14.c4 Nb4 15.Bd2 Bc5
16.Bxb4 Bxb4 17.Rd1 O-O 18.Qd3 Qe6 19.Ng5 Qh6 20.h4 Rad8 21.Rh3 d5 22.Qf5 Rde8
23.Rf3 Qxh4 24.Rh3 Qxc4+ 25.Kg1 g6 26.Qf6 Be7 27.Nxh7 Qg4 28.Qxe7  1-0